000 00728nam a22002057a 4500
001 76806
003 BD-RjUL
005 20211209082906.0
008 200120s1939 ||||| |||| 00| 0 eng d
035 _a(BD-RjUL)77030
040 _aBD-RjUL
_beng
_cBD-RjUL
041 _aeng
082 _223
_a813.5
_bMOF 1939
100 _a Morley, Christopher
_9237967
245 _aFour favorite books by Christopher Morley : four volumes in one: Parnassus on wheels ; The Haunted bookshop ; Where the blue begins ; Thunder on the left./
_cChristopher Morley
260 _aNew York :
_bGarden City Pub. Co.,
_c 1939.
300 _a190, 289, 215, 273 pages ;
_c22 cm
600 _aMorley, Christopher,
_y1890-1957
_9237969
942 _2ddc
_cBK
999 _c76806
_d76806